00456 2200169 4500001002100000005001500021035002000036007000300056008004100059082000800100084001400108100002200122245005500144260005200199300002100251600001400272INLIS00000000000095420220616100537 a0010-0622000098ta220616 g 0 ind  a895 a895 MAR k0 aMarfuah, Maharati1 aKonsep Ekonomi dalam Al-Qur'an /cMaharati Marfuah aJakarta Selatan :bRumah Fikih Publising,c2019 a30 hlm. ;c20 cm 4aNon Fiksi